000 01045cam a22003377a 4500
003 CHAP
005 20220817042129.0
008 971013s1983 it a r 00010 spa d
010 _a35613
011 _a36585
035 _a40704
040 _cCHAP
090 _aFolleto 8550
110 2 _aFAO
245 1 3 _aEl biogas
_b: producción y utilización
260 _aRoma :
_bFAO,
_c1983
300 _a52 p.
_b: ilus.
490 0 _aFAO. Serie mejores cultivos
_v; 31
500 _aEn bidega c.4,5
590 _aBATCH-UPD
_b10
_c20130110
_lUCH01
_h2225
590 _aBATCH-UPD
_b10
_c20130410
_lUCH01
_h1521
590 _aBATCH-UPD
_b10
_c20130914
_lUCH01
_h1327
590 _aCONVERSION
_b10
_c20130109
_lUCH01
_h1320
650 1 4 _aEstiércol, Gases en.
_938331
830 0 0 _aFAO. Serie mejores cultivos
_v; 31
_939693
901 _aBK
942 _cFOLL
949 _aFolleto 8550
_bBC
_cFAO
_d-93003
_eFAO1
_i40704
_si
949 _aFolleto 8550
_bBC
_cFAO
_d-93004
_eFAO2
_fc.2
_i40704
_si
949 _aFolleto 8550
_bBC
_cFAO
_d-93005
_eFAO2
_fc.3
_i40704
_si
999 _c35613
_d35613